000 01682nam a22003977a 4500
001 13249427
003 OSt
005 20210421073015.0
008 030623s2003 moua b 001 0 eng
010 _a 2003269289
020 _a0323017223
040 _aeng
_cDLC
_deng
_beng
050 0 0 _aRJ245
_b.W47 2003
080 _a616-053.3
_bW-82
082 0 0 _a618.92/00231
_222
100 1 _aWong, Donna L.,
_d1948-
245 1 0 _aWong's nursing care of infants and children /
_csenior consultant, Donna L. Wong ; primary author, Marilyn J. Hockenberry ; section editors, David Wilson, Marilyn L. Winkelstein, Nancy E. Kline.
246 3 0 _aNursing care of infants and children
250 _a7th edition
260 _aSt. Louis :
_bMosby,
_cc2003.
300 _axxxviii, 1994 p. :
_bill. (chiefly col.) ;
_c29 cm. +
504 _aIncludes bibliographical references and index.
538 _aSystem requirements for accompanying computer disc: Windows: 486, Pentium, or faster processor, Windows 95, 98, NT, 2000, ME, XP, or higher; 64 MB RAM; 8x or faster CD-ROM drive, VGA monitor supporting thousands of colors (16 bit) or Macintosh.
650 0 _aPediatric nursing.
650 0 _aNeonatology
_9529
650 1 2 _aPediatric Nursing.
653 _aნეონატოლოგია
653 _aბავშვების მოვლა
700 1 _aHockenberry, Marilyn J.
700 1 _aWilson, David.
700 _aWinkelstein, L. Marilyn
_9530
700 _aKline, E. Nancy
_9531
906 _a7
_bcbc
_corigcop
_d2
_encip
_f20
_gy-gencatlg
942 _2udc
_cBK
_e7
999 _c698
_d698